000 00292nam a2200109Ia 4500
008 230724s2008 xx und d
041 _aeng
100 _aC.S.I.INSTITUTE OF TECHNOLOGY
245 _aNASA INFORMATION AND DOCUMENTATION 2006 HUDCO TROPHY
260 _bNA
_c2008
300 _a208
999 _c1177934
_d1177934